000 00471nam a22001817a 4500
003 CEME
005 20210628202840.0
008 210118b xxu||||| |||| 00| 0 eng d
020 _a81-7758-300-X
040 _c.
082 _a510.2462 RUK
100 _aRukmangadachari, E
_961942
245 _aEngineering mathematics -1
260 _aNEW DELHI
_bPEARSON EDUCATION ASIA
_c2006
300 _aXII,535 P
650 _aENGINEERING MATHEMATICS.
_92310
942 _cBK
_2ddc
999 _c571216
_d571216